Manažerské účetnictví
Zmysel manažerského informačného systému (MIS) - aby bol nástrojom riadiacich subjektov pri ich rozhodovacej aktivite. Prístup k MIS z pozícií počítačového chápania. Poznatky z motivačne orientovaných teórií riadenia. Motivačné aspekty pri vytváraní MIS a autentičnosť aktivity riadiaceho subjektu. U...
Salvato in:
| Autore principale: | |
|---|---|
| Natura: | Capitolo di libro |
| Lingua: | ceco |
| Soggetti: | |
| Tags: |
Nessun Tag, puoi essere il primo ad aggiungerne!!
|
MARC
| LEADER | 00000naa a2200000 4500 | ||
|---|---|---|---|
| 001 | r045343 | ||
| 005 | 20230913090325.5 | ||
| 041 | 0 | |a cze | |
| 044 | |a CZ | ||
| 245 | 1 | 0 | |a Manažerské účetnictví |c Stanislav Svoboda |
| 520 | |a Zmysel manažerského informačného systému (MIS) - aby bol nástrojom riadiacich subjektov pri ich rozhodovacej aktivite. Prístup k MIS z pozícií počítačového chápania. Poznatky z motivačne orientovaných teórií riadenia. Motivačné aspekty pri vytváraní MIS a autentičnosť aktivity riadiaceho subjektu. Užívateľská adekvátnosť a racionalita MIS. | ||
| 610 | 2 | 0 | |a účtovníctvo manažérske |
| 610 | 2 | 0 | |a podnik |
| 610 | 2 | 0 | |a systémy informačné manažérske |
| 610 | 2 | 0 | |a riadenie podnikové |
| 610 | 2 | 0 | |a motivácia |
| 610 | 2 | 0 | |a teória riadenia |
| 100 | 1 | |a Svoboda, Stanislav | |